000 00353nam a2200145 i 4500
001 bgj
100 1 _aENZESBERGER, Hans Magnus.
245 1 0 _aGedichte :
_b1950-1985 /
_cHans Magnus Enzensberger.
650 9 _aPoezja niemiecka
040 _cBPK
041 _ager
080 _a821.112.2-1
942 _cKS
008 s gw f |000 0 ger
999 _c49508
_d49508
856 _uhttp://koha.tu.koszalin.pl/cgi-bin/koha/opac-detail.pl?biblionumber=49508
_yKatalog online BPK